Statistiques concernant Communes du canton du Thillot

Cliquez ici pour prendre le quiz!

Statistiques générales

  • Ce quiz a été pris 13 fois
  • Le résultat moyen est 9 sur 10

Statistiques - réponses

Communes% Correct
Bussang
100%
Fresse-sur-Moselle
100%
Le Thillot
100%
Ramonchamp
100%
Saint-Maurice-sur-Moselle
100%
Dommartin-lès-Remiremont
80%
Le Ménil
80%
Rupt-sur-Moselle
80%
Vecoux
80%
Ferdrupt
60%

Distribution des résultats

Percentile par nombre de réponses

% des personnes avec chaque résultat

Votre développement - résultats

Vous n’avez pas pris ce quiz